The stormin' Normans / (Record no. 5485)

MARC details
000 -LEADER
fixed length control field 01222nam a22003017a 4500
001 - CONTROL NUMBER
control field 5485
003 - CONTROL NUMBER IDENTIFIER
control field FISKH
005 - DATE AND TIME OF LATEST TRANSACTION
control field 20241210163312.0
008 - FIXED-LENGTH DATA ELEMENTS--GENERAL INFORMATION
fixed length control field 241210b cb ||||| |||| 00| 0 eng d
020 ## - INTERNATIONAL STANDARD BOOK NUMBER
International Standard Book Number 9781407104300
040 ## - CATALOGING SOURCE
Original cataloging agency FISKH
Language of cataloging eng
Transcribing agency FISKH
Modifying agency FISKH
050 ## - LIBRARY OF CONGRESS CALL NUMBER
Classification number DA195.D43
082 ## - DEWEY DECIMAL CLASSIFICATION NUMBER
Classification number 942.02
100 ## - MAIN ENTRY--PERSONAL NAME
Personal name Deary, Terry
245 ## - TITLE STATEMENT
Title The stormin' Normans /
Statement of responsibility, etc. by Terry Deary : illustrated by Martin Brown
260 ## - PUBLICATION, DISTRIBUTION, ETC.
Place of publication, distribution, etc. New York :
Name of publisher, distributor, etc. Scholastic ;
Date of publication, distribution, etc. 2000.
300 ## - PHYSICAL DESCRIPTION
Extent 139 pages :
Other physical details illustrations ;
Dimensions 21 cm .
490 ## - SERIES STATEMENT
Series statement Horrible Histories
505 ## - FORMATTED CONTENTS NOTE
Formatted contents note S <br/>
520 ## - SUMMARY, ETC.
Summary, etc. Readers can discover all the foul facts about the Stormin' Normans, including why Norman knights slept with a dolly, which pirate hung up his eye-patch and became a saint and why Crusader ships were defended with barrels of pee. Refreshed with a fantastic new design for 2016, these bestselling titles are sure to be a huge hit with yet another generation of Terry Deary fans.<br/>
521 8# - TARGET AUDIENCE NOTE
Target audience note 800 <br/>
Source Lexile estimate <br/>
521 8# - TARGET AUDIENCE NOTE
Target audience note S <br/>
Source Raz-Plus <br/>
650 ## - SUBJECT ADDED ENTRY--TOPICAL TERM
Topical term or geographic name entry element Children's Reference
Form subdivision Non-fiction
650 ## - SUBJECT ADDED ENTRY--TOPICAL TERM
Topical term or geographic name entry element Middle Ages
Form subdivision Non-fiction
700 ## - ADDED ENTRY--PERSONAL NAME
Personal name Brown, Martin
Relator term illustrator
942 ## - ADDED ENTRY ELEMENTS (KOHA)
Source of classification or shelving scheme Dewey Decimal Classification
Koha item type Books
Suppress in OPAC No
Holdings
Withdrawn status Lost status Source of classification or shelving scheme Damaged status Not for loan Collection Home library Current library Shelving location Date acquired Total Checkouts Full call number Barcode Date last seen Copy number Price effective from Koha item type Date last checked out
    Dewey Decimal Classification     Non-Fiction Footprints International School Library Network Toul Kork Campus Footprints International School Library Network Toul Kork Campus TTP Secondary Non-Fiction Bookshelves 12/10/2024   DEA 942.02 DA195.D43 FISO5306 12/10/2024 1 12/10/2024 Books  
    Dewey Decimal Classification     Non-Fiction Footprints International School Library Network Toul Kork Campus Footprints International School Library Network Toul Kork Campus TTP Secondary Non-Fiction Bookshelves 12/10/2024 1 DEA 942.02 DA195.D43 2024-2438 05/08/2025 2 12/10/2024 Books 03/21/2025